Aplicaciones tecnológicas en las pruebas nacionales en el Liceo Francisco Henríquez y Carvajal/Luis David Villafaña Galán, Grismeldy María Carrasco Infante y Vicente Miguel Vicioso Arias (Registro nro. 18415)
[ vista simple ]
| 000 -LEADER | |
|---|---|
| fixed length control field | 00976nam a22002171a 4500 |
| 001 - CONTROL NUMBER | |
| control field | 18415 |
| 003 - CONTROL NUMBER IDENTIFIER | |
| control field | OSt |
| 005 - DATE AND TIME OF LATEST TRANSACTION | |
| control field | 20260204212404.0 |
| 008 - FIXED-LENGTH DATA ELEMENTS--GENERAL INFORMATION | |
| fixed length control field | 171120s2017||||dr ||||||b||||||||||spa|| |
| 090 ## - LOCALLY ASSIGNED LC-TYPE CALL NUMBER (OCLC); LOCAL CALL NUMBER (RLIN) | |
| Classification number (OCLC) (R) ; Classification number, CALL (RLIN) (NR) | EDU-CS 2017 V45 |
| 100 1# - ASIENTO PRINCIPAL -- NOMBRE PERSONAL | |
| Personal name | Villafaña Galán,Luis David |
| Relator term | sustentante |
| 245 1# - TÍTULO PROPIAMENTE DICHO: SUBTÍTULO | |
| Title | Aplicaciones tecnológicas en las pruebas nacionales en el Liceo Francisco Henríquez y Carvajal/Luis David Villafaña Galán, Grismeldy María Carrasco Infante y Vicente Miguel Vicioso Arias |
| 260 ## - PUBLICATION, DISTRIBUTION, ETC. | |
| Place of publication, distribution, etc. | Cotuí, República Dominicana : |
| Name of publisher, distributor, etc. | UTECO, |
| Date of publication, distribution, etc. | 2017 |
| 300 ## - PHYSICAL DESCRIPTION | |
| Extensión | 62 hojas : |
| Other physical details | Ilustraciones ; |
| Dimensions | 28cm. |
| 502 ## - THESIS NOTE | |
| Dissertation note | Tesis (Licenciatura en Educación, Mención Ciencias Sociales) |
| 650 #4 - ASIENTO SECUNDARIO DE MATERIA -- TERMINO TOPICO | |
| Asiento secundario de materia | Aplicaciones tecnológicas en las pruebas nacionales |
| 700 1# - ASIENTO SECUNDARIO -- NOMBRE PERSONAL | |
| Personal name | Carrasco Infante, Grismeldy María |
| Relator term | sustentante |
| 700 1# - ASIENTO SECUNDARIO -- NOMBRE PERSONAL | |
| Personal name | Vicioso Arias, Vicente Miguel |
| Relator term | sustentante |
| 830 ## - ASIENTO SECUNDARIO DE SERIE - TÍTULO UNIFORME | |
| Uniform title | Tesis y disertaciones académicas (Universidad Tecnológica del Cibao Oriental) |
| 942 ## - ADDED ENTRY ELEMENTS (KOHA) | |
| Source of classification or shelving scheme | Clasificación Local |
| Koha item type | Tesis |
| Withdrawn status | Lost status | Source of classification or shelving scheme | Damaged status | Not for loan | Collection code | Current library | Shelving location | Date acquired | Inventory number | Full call number | Barcode | Date last seen | Copy number | Price effective from | Koha item type |
|---|---|---|---|---|---|---|---|---|---|---|---|---|---|---|---|
| Clasificación Local | Préstamo Interno | Trabajos de Grado e Investigación | Biblioteca UTECO | En Estantería | 09/09/2019 | ET-2017-070 | EDU-CS 2017 V45 | ET-2017-070 | 09/09/2019 | Ej.1 | 09/09/2019 | Tesis |
